000 00550nam a2200193Ia 4500
008 170918s9999 xx 000 0 und d
020 _a9780746070314
050 _bB613 2004
100 _aBingham, Jane
245 _aAround the world in eighty days /
245 _cadapted by Jane Bingham ; by Jules Verne ; illustrated by Adam Stower.
260 _aLondon :
260 _bUsborne Publishing,
260 _c2004
300 _a61 pages :
300 _bchiefly colored illustration ;
300 _c19cm.
300 _eUsborne young reading.
999 _c344319
_d344319